000 00655nam a2200217 a 4500
001 12938
003 BD-JhCC
005 20230605122055.0
008 230605s2022 b |||| |||| 000 0 b d
020 _a97898496181864
035 _a(BD-JhCC)
040 _aBD-JhCC
_dBD-JhCC
041 _aeng
082 _a891.4435
_bLAT 2022
100 _aলতিফ, এশরার
245 _aঝুমঝমি কি বেঁচে আছে? /
_cএশরার লতিফ
260 _aঢাকা :
_bতাম্রলিপি,
_c২০২২
300 _a১৭৫ পৃ. :
_c২০ সেমি.
650 _aShort Stories
942 _2ddc
_cBK
999 _c12938
_d12938